00621nam a22001817a 4500999001900000005001700019010001100036020002600047037004800073100001800121245008200139250001900221260006600240270005500306300003200361500001000393942003600403 c189370d18937020220624143435.0 arohit  a9789351521082c432.00 bJaypee Brothers Medical Publications(P) Ltd aKD Tritpathi  aPharmacological Classification Of Drugs:Doses And Preparations/cKD Tripathi  aFifth Edition  aNew Delhi bJaypee Brothers Medical Publications(P) Ltdc2014 a4838/24 Ansari Road, DaryaganjbNew Delhi e110002 axii,234p. bill. c12cm(Pb) aIndex 2ddccENeFifth Edition2015kTRI